000 00637nam a2200205Ii 4500
003 JO-AjNU
008 230605s9999||||xx |||||||||||||| ||und||
017 _a1990/1113
040 _aJO-AjNU
_bara
_erda
_cJO-AjNU
041 _aara
050 1 4 _aGV942.7 1990
100 3 _aرياح، علي,
_eauthor
_936069
245 0 0 _aمارادونا ساحر الكرة
264 3 1 _aد.م: د.ن، 1990
300 _a66ص
_b صور فوتوغرافية
336 _atext
_btxt
_2rdacontent
337 _aunmediated
_bn
_2rdamedia
338 _avolume
_bnc
_2rdacarrier
650 4 _aماردونا -لاعب كرة قدم - رياضة
_936070
999 _aA14952
_c18520
_d18520